Category Elimination - NHL Teams - Statistics

General Stats
  • This quiz has been taken 411 times
  • The average score is 14 of 16
Answer Stats
Answer % Correct
NHL Teams in the Metropolitan Division
99%
,,, With back to back Stanley Cups
95%
,,, and Orange in their Logo
94%
NHL Teams in the Atlantic Division
93%
,,, Who aren't Original 6 Teams
91%
NHL Teams in the Central Division
91%
NHL Teams in the Pacific Division
91%
,,, Who were formed before 1990
90%
,,,and are relocated teams
88%
,,, Formed after 1967 New York Islanders
85%
,,, and aren't from Florida
84%
,,, Who's original team was from the US
84%
,,, or America in general Ottawa Senators
83%
,,, Who never had Wayne Gretzky
79%
,,, and have won a cup Dallas Stars
74%
,,, And was relocated Calgary Flames
70%
No matching quizzes found
Score Distribution
Percent of People with Each Score
Percentile by Number Answered
Your Score History
You have not taken this quiz